Présidentielle 2022 : Résultats du premier tour - Statistiques

Statistiques générales
  • Ce quiz a été pris 2 721 fois
  • Le résultat moyen est 7 sur 12
Statistiques - réponses
Candidat Résultat Eligibilité au second tour % Correct
Emmanuel Macron 27,84% Qualifié
100%
Marine Le Pen 23,15% Qualifié
100%
Jean-Luc Mélenchon 21,95% Eliminé
91%
Eric Zemmour 7,07% Eliminé
81%
Valérie Pécresse 4,78% Eliminé
74%
Yannick Jadot 4,63% Eliminé
51%
Philippe Poutou 0,77% Eliminé
41%
Anne Hidalgo 1,75% Eliminé
38%
Jean Lassalle 3,13% Eliminé
35%
Nathalie Arthaud 0,56% Eliminé
34%
Fabien Roussel 2,28% Eliminé
28%
Nicolas Dupont-Aignan 2,06% Eliminé
21%
Aucun quiz correspondant
Distribution des résultats
% des personnes avec chaque résultat
Percentile par nombre de réponses
Votre historique - résultats
Vous n’avez pas pris ce quiz